00741cam a22002411 450000100060000000300080000600500170001400800390003103500190007003500190008904000400010804100080014808200230015610000470017924500640022625000110029026000360030130000370033750400400037465000310041465000170044571000370046216266BD-RjUL20211209000004.0140213s1949 nyud b 001 0 eng a(BD-RjUL)16321 a(OCoLC)1893789 aDLCcOClUdOCoLCdDLCdBD-RjULbeng aeng00a790.0973bBUI 19491 aButler, George D.q(George Daniel),d1893-10aIntroduction to community recreation /c George D. Butler.  a2d ed. aNew York :bMcGraw-Hill,c1949. axiv, 568 p. :bdiagrs. ;c24 cm. aBibliography: p. 533-548 and index. 0aRecreationzUnited States. 0aPlaygrounds.2 aNational Recreation Association.